Movies Quiz

Random Movies or Cast Quiz

Who Was Top Billed? III Quiz Stats

 Plays Quiz Updated Dec 31, 2017

Challenge
Share
Tweet
Embed
Score 0/20 Timer 05:00
0 Plays Today
Question Answer Wrong Answers
The Hangover Bradley Cooper
83.3%
Ed Helms
2.7%
Zach Galifianakis
11%
Justin Bartha
0.6%
Inside Out Amy Poehler
83.3%
Phyllis Smith
2.8%
Lewis Black
5.1%
Mindy Kaling
6.2%
Batman v. Superman: Dawn of Justice Ben Affleck
82.2%
Henry Cavill
14.5%
Jesse Eisenberg
1.2%
Amy Adams
1.6%
Mean Girls Lindsay Lohan
76.9%
Rachel McAdams
8.7%
Tina Fey
11.4%
Tim Meadows
0.4%
Mystic River Sean Penn
69.8%
Tim Robbins
9.3%
Kevin Bacon
16.1%
Laurence Fishburne
2.8%
Tropic Thunder Ben Stiller
65.2%
Jack Black
2.3%
Robert Downey, Jr
31.4%
Jay Baruchel
0.4%
Les Misérables Hugh Jackman
62.8%
Russell Crowe
12.2%
Anne Hathaway
20.8%
Eddie Redmayne
1.3%
3:10 to Yuma Russell Crowe
58.7%
Christian Bale
35.7%
Logan Lerman
1.7%
Dallas Roberts
1.7%
The Help Emma Stone
56.7%
Viola Davis
25.6%
Bryce Dallas Howard
4.5%
Octavia Spencer
11.6%
Full Metal Jacket Matthew Modine
55.3%
Adam Baldwin
17.1%
Vincent D'Onofrio
17.1%
R. Lee Ermey
8.1%
Jurassic Park Sam Neill
55.1%
Laura Dern
1.9%
Jeff Goldblum
32.1%
Richard Attenborough
9.4%
I Know What You Did Last Summer Jennifer Love Hewitt
49.1%
Sarah Michelle Gellar
28.1%
Ryan Phillipe
4.5%
Freddie Prinze, Jr.
17.3%
The Lord of the Rings: The Return of the King Elijah Wood
49%
Viggo Mortensen
20.1%
Ian McKellen
24%
Orlando Bloom
6.9%
L.A. Confidential Kevin Spacey
45.7%
Russell Crowe
42.1%
Guy Pearce
8.6%
James Cromwell
1.9%
Pacific Rim Charlie Hunnam
38.1%
Charlie Day
11.4%
Idris Elba
47%
Rinko Kikuchi
3%
The Fast and the Furious Paul Walker
30.3%
Vin Diesel
66%
Michelle Rodriguez
0.6%
Jordana Brewster
0.4%
Spotlight Mark Ruffalo
29.9%
Michael Keaton
50.8%
Rachel McAdams
13.1%
Liev Schrieber
4.8%
Little Miss Sunshine Abigail Breslin
26.1%
Greg Kinnear
45.1%
Paul Dano
3.8%
Alan Arkin
22.8%
Into the Woods Anna Kendrick
15.5%
James Corden
4.1%
Johnny Depp
23.8%
Meryl Streep
53.9%
Batman and Robin Arnold Schwarzenegger
14.1%
George Clooney
80%
Chris O'Donnell
2.8%
Uma Thurman
0.7%

You're not logged in!

Compare scores with friends on all Sporcle quizzes.
Join for Free
OR
Log In

You Might Also Like...

Show Comments

Extras

Top Quizzes Today


Score Distribution

Your Account Isn't Verified!

In order to create a playlist on Sporcle, you need to verify the email address you used during registration. Go to your Sporcle Settings to finish the process.

Report this User

Report this user for behavior that violates our Community Guidelines.

Details: